Gramsci y las ciencias sociales

Guardat en:
Dades bibliogràfiques
Autors principals: Pizzorno, Alessandro (Autor), Gallino, Luciano (Autor), Gramsci, Antonio (Autor), Debray, Régis (Autor)
Format: Llibre
Idioma:espanyol
Publicat: Buenos Aires Pasado y Presente 1970
Col·lecció:Cuadernos de Pasado y Presente, 19
Matèries:
Etiquetes: Afegir etiqueta
Sense etiquetes, Sigues el primer a etiquetar aquest registre!

MARC

LEADER 00000nam a2200000 a 4500
001 UCT6832
003 CL-VaPUC
008 970113e19701000AG |||||||||||||||||spa|d
082 0 4 |a 301  |b PIZ  |2 21 
100 0 |a Pizzorno, Alessandro  |e author  |9 377082 
700 0 |a Gallino, Luciano  |e author  |9 377083 
700 0 |a Gramsci, Antonio  |e author  |9 310178 
700 |a Debray, Régis  |e author  |9 599931 
245 1 0 |a Gramsci y las ciencias sociales 
300 |a 134 p 
942 |c BK 
945 |d 19970113 00:00:00  |a paguirre 
260 |a Buenos Aires  |b Pasado y Presente  |c 1970 
600 0 7 |a GRAMSCI, ANTONIO  |2 CL-VaPUC  |9 310178 
650 0 |a Ciencias sociales   |9 256351 
650 7 |a FILOSOFIA POLITICA  |2 CL-VaPUC  |9 377085 
650 0 |a Filosofía social  |9 268191 
650 0 |a Comunismo  |9 255588 
650 0 |a Sociología   |9 255410 
583 |a last modification  |c 19970113 00:00:00  |k Rodrigo Vera 
490 0 |a Cuadernos de Pasado y Presente, 19 
999 |c 255502  |d 255500 
952 |0 0  |1 0  |4 0  |6 301_000000000000000_PIZ_1970  |7 0  |8 A  |9 277756  |a BIBDER  |b BIBDER  |d 2019-11-19  |i 1803158  |o 301 PIZ 1970  |p 1803158  |r 2023-01-25  |w 2019-11-19  |y BK  |k DER